Дело о выкупе земельных наделов временнообязанными крестьянами Н.Н. Тургенева села Сергеевского (Юшкова) Карачевского уезда Орло...

Доступно только в Электронных читальных залах Найти на картеНа карте
RUSMARC
00004105nmc2a2200000 x 450
00151eb120c-00c4-4620-b57a-7788f32484f4
00520170914010239.0
100##$a20140331l18801881k l0rusy0189 ca
1010#$arus
102##$aRU
2001#$aДело о выкупе земельных наделов временнообязанными крестьянами Н.Н. Тургенева села Сергеевского (Юшкова) Карачевского уезда Орловской губернии
$j20 марта 1880 г. - 23 июня 1881 г.
251##$cДело
300##$aДело
300##$aОриг. заголовок дела: Дело Тургенева Н.Н. Орловской губернии Карачевского уезда села Сергеевского (Юшково). 20 марта 1880 г. - 23 июня 1881 г
801#0$aRU
$bРГИА
$c20140331
$gRCR
801#1$aRU
$bГлавНИВЦ
$c20140331
$2rusmarc
801#2$aRU
$bПБ им. Б.Н. Ельцина
$c20170914
$gRCR
$2rusmarc
850##$aРГИА
852##$aРГИА
$eФедеральное казенное учреждение "Российский государственный исторический архив" (РГИА)
$j1281
937##$hРГИА
$d11030641
$aASBIBLIO_SCAN
462#0$10012327ab3a-0548-404e-b4cb-e37355ac5039
$12001
$a1863-1889 гг.
$1251
$cОпись
$1852
$j26
461#0$10018ef30ad5-ff5c-4840-a721-74c62a200f95
$12001
$aГлавное выкупное учреждение Министерства финансов
$1251
$cФонд
$1852
$j577
215##$a60 л.
$d36,5x26 см
371##$aДокумент не является опубликованным и широко распространяемым
105##$aу###
1222#$ad
5171#$aДело Тургенева Н.Н. Орловской губернии Карачевского уезда села Сергеевского (Юшково). 20 марта 1880 г. - 23 июня 1881 г
035##$a51eb120c-00c4-4620-b57a-7788f32484f4
856##$uhttp://readingroom.main.prlib.ru/item.aspx?id_node=n104636422&mode=full
Формат отображения